000 00485nam a2200169Ia 4500
003 OSt
005 20231211115753.0
008 190216s9999||||xx |||||||||||||| ||und||
020 _a8171307442
040 _coclc
082 _a954.83
_bMEN/K
100 1 _aSreedhara Menon, A.
_910096
245 0 _aKerala And Freedom Struggle /
_cA Sreedhara Menon
260 _bDc Books,
_c1997.
_aKottayam:
300 _a175p
942 _cBK
_2ddc
_h954.83
_iMEN/K
_k954.83
_mMEN/K
999 _c20540
_d20540